|
|
|
|
| LEADER |
00000cam a2200000 a 4500 |
| 001 |
TAD-662 |
| 005 |
20230308193829.0 |
| 008 |
004120|2004 ||||||||r|||||||||||spa|| |
| 040 |
|
|
|b spa
|
| 041 |
1 |
|
|a spa
|
| 245 |
1 |
1 |
|a Propuesta de instauración de actividades recreativas en la comunidad de San Joaquín ubicada en el Cajas
|c Jacqueline Alvarez, Patricio Cárdenas, Sandra Durán, Juan Carlos Gómez. Director Isis Camargo
|h cd
|
| 264 |
|
|
|a Cuenca
|c 2004
|
| 300 |
|
|
|a CD
|c 18 cm
|
| 502 |
|
|
|a Ingeniero Comercial
|b Universidad de Cuenca
|c eco
|d Camargo, Isis, dir.
|e ADMINISTRACION DE EMPRESAS
|
| 504 |
|
|
|a incl. ref.
|
| 520 |
3 |
|
|a La Tesis que se presenta muestra las actividades recreativas que se pueden realizar utilizando los recursos naturales con que cuenta la Ciudad de Cuenca. Se muestra los conceptos de turismo y las diferentes modalidades así comxo los conceptos de las diferentes actividades
|
| 650 |
1 |
|
|a San joaquin
|9 36728
|
| 650 |
1 |
|
|a San joaquin actividades recreativas
|9 145475
|
| 650 |
|
|
|a Desarrollo turistico
|9 58130
|
| 650 |
|
|
|a Tesis en admnistracion de empresas
|9 143231
|
| 700 |
1 |
|
|a Ávarez, Jacqueline.
|9 145476
|
| 700 |
1 |
|
|a Cárdenas, Patricio
|e coautor
|9 145477
|
| 700 |
1 |
|
|a Durán, Sandra
|e coautor
|9 145478
|
| 852 |
|
|
|a UC-CDJBV
|c ESTANTERIA CERRADA
|f Donación
|k guillermina.martinez
|l 1
|m Limitada
|p 20041209
|q 1.00
|t TAD-662
|b 1
|d CDRC
|e CDRC
|g ESTANTERIA CERRADA
|u http://nas.ucuenca.edu.ec/BibliotecaDigital/ebooks/tad662.pdf
|z 2004-41-20
|
| 856 |
|
|
|a http://cdjbv.ucuenca.edu.ec/images/portada1.jpg
|u http://nas.ucuenca.edu.ec/BibliotecaDigital/ebooks/tad662.pdf
|
| 942 |
|
|
|c TS
|
| 999 |
|
|
|c 84196
|d 84196
|